000 00322nam a2200133Ia 4500
008 260604s9999 xx 000 0 und d
020 _a9780857029874
082 _a302 KIS
100 _aTHUSSU
_935107
245 0 _aINTERNATIONAL COMMUNICATION -2
260 _bSAGE
500 _aCommunication, International
942 _cBK
999 _c7865
_d7865